• 首页
  • 本馆介绍
  • 公告通知
  • 最新文献
  • 馆藏检索
  • 电子资源
  • 读者导购
  • 参考咨询
  • 我的图书馆
  • 登录
  • 详细信息显示
  • 放入我的书架
  • 预约/预借图书
  • 作者相关作品
  • 分类相关作品
  • 丛书相关作品
  • 出版社相关作品

书目信息

  • 表格格式
  • 工作单格式
  • 卡片格式
题名:
医药史话
    
 
作者: 傅维康 编
分册:  
出版信息: 上海   上海科学技术出版社  1982
页数: 274页
开本: 19cm
丛书名: 中国科技史话丛书
单 册:
中图分类: R-092
科图分类:
主题词: 中国医药学-医学史 , 医学史-中国医药学
电子资源:
ISBN:
000 00683nam2 2200265 45
001 0182005360
005 20060815082608.64
010    @dCNY0.71
091    @a13119.964
100    @a19950627d1982 em y0chiy0121 ea
101 0  @achi
102    @aCN@b310000
105    @ay z 000yy
200 10 @a医药史话@Ayi yao shi hua@f傅维康编
210    @a上海@c上海科学技术出版社@d1982
215    @a274页@d19cm
225 2  @a中国科技史话丛书
410  0 @120010@a中国科技史话丛书
606    @a中国医药学-医学史
606    @a医学史-中国医药学
690    @aR-092@v3
701  0 @a傅维康@Afu wei kang@4编
801  2 @aCN@bNLC@c20060815
801  0 @aCN@bTSSF
905    @a10447@dR-092@e11
    
    医药史话/傅维康编.-上海:上海科学技术出版社,1982
    274页;19cm.-(中国科技史话丛书)
    
    
    ISBN :CNY0.71
    
●
相关链接 在E读中查询图书 在五车中查询图书 在当当中查询图书 在豆瓣中查询图书


正题名:医药史话     索取号:R-092/11         预约/预借

序号 登录号 条形码 馆藏地/架位号 状态 备注
1 0458327   204583272   密集书库/ [索取号:R-092/11] 在馆    
2 0458328   204583281   密集书库/ [索取号:R-092/11] 在馆    
3 0458374   204583744   密集书库/ [索取号:R-092/11] 在馆    
唐山师范学院图书馆 欢迎您!
大连网信软件有限公司© 版权所有